[Event "ESP-chT CECLUB Div1"]
[Site "Linares"]
[Date "2023.08.23"]
[Round "4.2"]
[White "Abal Cores, Lucas"]
[Black "Grigoryan, Karen H"]
[Result "0-1"]
[WhiteElo "2339"]
[BlackElo "2619"]
[PlyCount "100"]
[EventDate "2023.08.20"]
[EventType "team-tourn"]
[EventRounds "7"]
[EventCountry "ESP"]
[SourceTitle "CBM 215 Extra"]
[Source "ChessBase"]
[SourceDate "2023.09.30"]
[SourceVersion "1"]
[SourceVersionDate "2023.09.30"]
[SourceQuality "1"]
[WhiteTeam "Sanxenxo Fontecarmoa"]
[BlackTeam "Benalmadena Medio Ambiente"]
[WhiteTeamCountry "ESP"]
[BlackTeamCountry "ESP"]

1. e4 c5 2. Nf3 Nc6 3. d4 cxd4 4. Nxd4 Nf6 5. Nc3 d6 6. Bg5 Bd7 7. Qd2 Rc8 8. 0-0-0 Nxd4 9. Qxd4 Qa5 10. Bxf6 gxf6 11. Kb1 Qc5 12. f4 a6 13. Be2 h5 14. Bf3 Qxd4 15. Rxd4 e6 16. Rhd1 b5 17. a4 bxa4 18. Rb4 a3 19. Rb6 axb2 20. Kxb2 f5 21. Rd3 Bg7 22. Kb3 Ke7 23. exf5 Rb8 24. Rxb8 Rxb8+ 25. Ka3 Rc8 26. Kb3 a5 27. fxe6 fxe6 28. f5 exf5 29. Nd5+ Kd8 30. Nb6 a4+ 31. Nxa4 Be5 32. c3 h4 33. h3 Bb5 34. Re3 Rb8 35. Nc5 f4 36. Re1 Bd3+ 37. Ka3 Bc4 38. Rd1 Kc7 39. Bd5 Bxd5 40. Rxd5 Kc6 41. c4 Bb2+ 42. Ka2 dxc5 43. Rh5 Bc1 44. Rh6+ Kd7 45. Rg6 Rb2+ 46. Ka1 Rf2 47. Rg5 Be3 48. Kb1 Kc7 49. Rg6 Kd7 50. Ka1 Ke7 0-1

[Event "ESP-chT CECLUB Div1"]
[Site "Linares"]
[Date "2023.08.20"]
[Round "1.4"]
[White "Abal Cores, Lucas"]
[Black "Camarena Gimenez, Rufino"]
[Result "1/2-1/2"]
[WhiteElo "2339"]
[BlackElo "2308"]
[PlyCount "117"]
[EventDate "2023.08.20"]
[EventType "team-tourn"]
[EventRounds "7"]
[EventCountry "ESP"]
[SourceTitle "CBM 215 Extra"]
[Source "ChessBase"]
[SourceDate "2023.09.30"]
[SourceVersion "1"]
[SourceVersionDate "2023.09.30"]
[SourceQuality "1"]
[WhiteTeam "Sanxenxo Fontecarmoa"]
[BlackTeam "Xeraco CE"]
[WhiteTeamCountry "ESP"]
[BlackTeamCountry "ESP"]

1. e4 e6 2. d4 d5 3. Nd2 c5 4. exd5 Qxd5 5. Ngf3 cxd4 6. Bc4 Qd6 7. 0-0 Nf6 8. Nb3 Nc6 9. Nbxd4 Nxd4 10. Nxd4 Be7 11. c3 0-0 12. Qf3 Qc7 13. Bd3 Bd7 14. Re1 Rfe8 15. Bg5 Nd5 16. Qe4 g6 17. h4 Bxg5 18. hxg5 Nf4 19. Bb5 Bxb5 20. Nxb5 Qc5 21. Qxf4 Qxb5 22. b3 e5 23. Qe4 Re7 24. Re3 Rd8 25. Rh3 Qd7 26. Qh4 h5 27. gxh6 Qe6 28. Re1 Kh7 29. Rhe3 f6 30. c4 Red7 31. f4 Rd4 32. Qf2 e4 33. f5 Qxf5 34. Qg3 Qe6 35. Qc7+ R8d7 36. Rxe4 Rxe4 37. Rxe4 Rxc7 38. Rxe6 f5 39. Kf2 Kxh6 40. Kf3 Kg5 41. Rd6 b6 42. a4 Re7 43. Rd5 Re1 44. a5 Rb1 45. Rd3 Rb2 46. g3 Rc2 47. axb6 axb6 48. Re3 b5 49. cxb5 Rc5 50. b4 Rxb5 51. Rb3 Kf6 52. Ke3 Ke5 53. Kd3 Kd5 54. Rb1 g5 55. Rf1 Rxb4 56. Rxf5+ Ke6 57. Rxg5 Kf6 58. Rg8 Kf7 59. Rg5 1/2-1/2

[Event "ESP-chT CECLUB Div1"]
[Site "Sanxenxo"]
[Date "2022.09.21"]
[Round "5.4"]
[White "Abal Cores, Lucas"]
[Black "Garcia Cuenca, Victor Manuel"]
[Result "1-0"]
[WhiteElo "2291"]
[BlackElo "2369"]
[PlyCount "97"]
[EventDate "2022.09.17"]
[EventType "team-tourn"]
[EventRounds "7"]
[EventCountry "ESP"]
[SourceTitle "CBM 210 Extra"]
[Source "ChessBase"]
[SourceDate "2022.11.30"]
[SourceVersion "1"]
[SourceVersionDate "2022.11.30"]
[SourceQuality "1"]
[WhiteTeam "Sanxenxo Fontecarmoa"]
[BlackTeam "Virgen de Atocha"]
[WhiteTeamCountry "ESP"]
[BlackTeamCountry "ESP"]

1. e4 c5 2. Nf3 d6 3. d4 cxd4 4. Nxd4 Nf6 5. Nc3 a6 6. Be3 e6 7. h3 b5 8. a3 Bb7 9. Bd3 Nbd7 10. f4 Nc5 11. Qf3 h5 12. 0-0 h4 13. b4 Nxd3 14. cxd3 Rc8 15. Rac1 Qd7 16. Qf2 Rh5 17. f5 Be7 18. fxe6 fxe6 19. Nf3 Kf7 20. Ne2 e5 21. Rxc8 Qxc8 22. Rc1 Qd7 23. Bg5 Kg8 24. Bxh4 d5 25. Bxf6 Bxf6 26. Ng3 Rh8 27. Qb6 dxe4 28. dxe4 Bd8 29. Qc5 Rh6 30. Qxe5 Re6 31. Qf5 Qe7 32. Rf1 Rf6 33. Qg4 Qe8 34. Kh1 Bc7 35. Nf5 g6 36. Qg5 Bd8 37. Nh6+ Kg7 38. Ng4 Rf8 39. Qh6+ Kg8 40. e5 Rf5 41. Qe3 Kg7 42. Rd1 Bxf3 43. gxf3 Be7 44. e6 Qh8 45. Qc3+ Rf6 46. Kg2 Qf8 47. Rd7 Kg8 48. Rxe7 Rxf3 49. Qg7+ 1-0

[Event "ESP-chT CECLUB Div1"]
[Site "Linares"]
[Date "2021.09.09"]
[Round "2.4"]
[White "Abal Cores, Lucas"]
[Black "Jimenez Martinez, Jose Vicente"]
[Result "1/2-1/2"]
[WhiteElo "2317"]
[BlackElo "2271"]
[PlyCount "132"]
[EventDate "2021.09.08"]
[EventType "team-tourn"]
[EventRounds "7"]
[EventCountry "ESP"]
[SourceTitle "CBM 204 Extra"]
[Source "ChessBase"]
[SourceDate "2021.11.30"]
[SourceVersion "1"]
[SourceVersionDate "2021.11.30"]
[SourceQuality "1"]
[WhiteTeam "Sanxenxo Fontecarmoa"]
[BlackTeam "Albacete Excalibur"]
[WhiteTeamCountry "ESP"]
[BlackTeamCountry "ESP"]

1. e4 d6 2. d4 g6 3. c4 Bg7 4. Nc3 Nf6 5. h3 0-0 6. Be3 e5 7. d5 a5 8. Be2 Na6 9. g4 Nc5 10. Qc2 Ne8 11. g5 f5 12. gxf6 Nxf6 13. 0-0-0 b6 14. Rf1 Bd7 15. h4 Ng4 16. Bxg4 Bxg4 17. f3 Rf7 18. Qg2 Bh5 19. Kb1 Qf8 20. Bxc5 bxc5 21. Nce2 Qb8 22. Ng3 Qb4 23. Nxh5 gxh5 24. Qc2 Raf8 25. a3 Qb8 26. Qc3 a4 27. Nh3 h6 28. Ka2 Kh7 29. Ng1 Bf6 30. Qc2 Rg7 31. Qxa4 Rg2 32. Rb1 Qb6 33. Qd7+ Bg7 34. Qb5 Qa7 35. Qb3 Qa5 36. Rd1 Bf6 37. Qd3 Be7 38. Ne2 Rfg8 39. Rdf1 Qb6 40. f4 Bf6 41. Rhg1 Kh8 42. Rxg2 Rxg2 43. f5 Qb8 44. Qf3 Rg4 45. Qe3 Kh7 46. Nc3 Qg8 47. a4 Bxh4 48. f6 Bg5 49. Qh3 Qf7 50. Rf5 Rh4 51. Qd3 Rf4 52. a5 Rxf5 53. exf5 Qe8 54. Nb5 Bxf6 55. Qa3 e4 56. a6 e3 57. a7 e2 58. Nxc7 Qe4 59. Qg3 Qxc4+ 60. Kb1 Qe4+ 61. Ka2 Qc4+ 62. Kb1 Qe4+ 63. Ka2 Qa4+ 64. Kb1 Qd1+ 65. Ka2 Qa4+ 66. Kb1 Qd1+ 1/2-1/2

[Event "FISU World University"]
[Site "Tornelo INT"]
[Date "2020.10.28"]
[Round "9.15"]
[White "Campos, Maria Jose"]
[Black "Abal Cores, Lucas"]
[Result "1/2-1/2"]
[WhiteElo "2112"]
[BlackElo "2315"]
[PlyCount "139"]
[EventDate "2020.10.26"]
[EventType "team-swiss (rapid)"]
[EventRounds "9"]
[EventCountry "NET"]
[SourceTitle "CBM 199 Extra"]
[Source "ChessBase"]
[SourceDate "2021.01.31"]
[SourceVersion "1"]
[SourceVersionDate "2021.01.31"]
[SourceQuality "1"]
[WhiteTeam "Argentina III"]
[BlackTeam "Spain II"]
[WhiteTeamCountry "ARG"]
[BlackTeamCountry "ESP"]

1. c4 f5 2. g3 Nf6 3. Nc3 d6 4. Bg2 g6 5. Nf3 Bg7 6. 0-0 0-0 7. d3 Nc6 8. Rb1 e5 9. b4 h6 10. b5 Ne7 11. e3 g5 12. Nd2 Ng6 13. Re1 h5 14. Nd5 h4 15. Ba3 hxg3 16. hxg3 Ne7 17. Nxf6+ Rxf6 18. c5 d5 19. c6 bxc6 20. Bxe7 Qxe7 21. bxc6 e4 22. Qa4 Qf7 23. Red1 Bf8 24. Nb3 Bd6 25. dxe4 fxe4 26. Rd2 Bg4 27. Qb5 Rf5 28. Nd4 Re5 29. Qb7 Rf8 30. Qxa7 Bf3 31. Rb8 Rxb8 32. Qxb8+ Kg7 33. Qc8 g4 34. Qd7 Kf6 35. Qxf7+ Kxf7 36. a4 Bc5 37. Nb3 Bb4 38. Ra2 Bd1 39. Nd4 Ba5 40. Bf1 Ke7 41. Be2 Bxe2 42. Rxe2 Kd6 43. Rc2 Re8 44. Nb5+ Ke5 45. Kg2 Ra8 46. Rc1 Ra6 47. Rh1 Bb6 48. Rh5+ Ke6 49. Rh6+ Ke5 50. Nc3 Ra5 51. Rh5+ Kd6 52. Rh6+ Kc5 53. Rg6 Kb4 54. Ne2 Rc5 55. Nf4 Kc4 56. Rg5 Ba5 57. Rxg4 Rxc6 58. Rg5 Rd6 59. g4 Bc3 60. Ne2 Bb2 61. a5 c5 62. Nf4 d4 63. exd4 cxd4 64. a6 Rxa6 65. Re5 Bc1 66. Rxe4 Bxf4 67. Rxf4 Kd3 68. Kg3 Ra1 69. f3 Rg1+ 70. Kf2 1/2-1/2

[Event "FISU World University"]
[Site "Tornelo INT"]
[Date "2020.10.27"]
[Round "4.12"]
[White "Abal Cores, Lucas"]
[Black "Matanovic, Luka"]
[Result "1-0"]
[WhiteElo "2315"]
[BlackElo "2251"]
[PlyCount "63"]
[EventDate "2020.10.26"]
[EventType "team-swiss (rapid)"]
[EventRounds "9"]
[EventCountry "NET"]
[SourceTitle "CBM 199 Extra"]
[Source "ChessBase"]
[SourceDate "2021.01.31"]
[SourceVersion "1"]
[SourceVersionDate "2021.01.31"]
[SourceQuality "1"]
[WhiteTeam "Spain II"]
[BlackTeam "Croatia"]
[WhiteTeamCountry "ESP"]
[BlackTeamCountry "CRO"]

1. e4 e5 2. Nf3 Nc6 3. d4 exd4 4. Bc4 Nf6 5. e5 d5 6. Bb5 Ne4 7. 0-0 Bc5 8. Nxd4 Bd7 9. Bxc6 bxc6 10. f3 Ng5 11. Be3 0-0 12. c3 Qe7 13. f4 Ne4 14. Nd2 Nxd2 15. Qxd2 f6 16. Nf3 Bg4 17. Bxc5 Qxc5+ 18. Nd4 Rae8 19. exf6 Rxf6 20. Rae1 Ref8 21. Rf2 Qd6 22. Ref1 Bc8 23. g3 Bh3 24. Re1 g5 25. f5 h6 26. Ne6 Re8 27. Qd4 Kf7 28. g4 c5 29. Qe3 Bxg4 30. Nxg5+ Kg7 31. Qxe8 Bxf5 32. Re7+ 1-0

[Event "ESP-chT CECLUB Div1"]
[Site "Linares"]
[Date "2020.10.09"]
[Round "7.4"]
[White "Bayo Milagro, Alvaro"]
[Black "Abal Cores, Lucas"]
[Result "1-0"]
[WhiteElo "2255"]
[BlackElo "2315"]
[PlyCount "69"]
[EventDate "2020.10.03"]
[EventType "team-tourn"]
[EventRounds "7"]
[EventCountry "ESP"]
[SourceTitle "CBM 198 Extra"]
[Source "ChessBase"]
[SourceDate "2020.11.30"]
[SourceVersion "1"]
[SourceVersionDate "2020.11.30"]
[SourceQuality "1"]
[WhiteTeam "Stadium Casablanca"]
[BlackTeam "Sanxenxo Fontecarmoa"]
[WhiteTeamCountry "ESP"]
[BlackTeamCountry "ESP"]

1. c4 f5 2. Nc3 Nf6 3. d4 d6 4. Bg5 Nbd7 5. Qc2 g6 6. e3 Bg7 7. Bd3 0-0 8. Nge2 e5 9. f3 c6 10. 0-0 Qe8 11. Rad1 Nh5 12. Kh1 Ndf6 13. b4 h6 14. Bh4 g5 15. Bf2 Qg6 16. c5 Ne8 17. g4 e4 18. fxe4 fxg4 19. e5 Qe6 20. cxd6 Nxd6 21. exd6 Qxd6 22. Ng3 Nxg3+ 23. Bxg3 Qxb4 24. Rxf8+ Qxf8 25. Bc4+ Kh8 26. Rf1 Qe8 27. Ne4 Qg6 28. Bf7 Qh7 29. Qg2 Bf5 30. Nd6 Bd3 31. Bb3 Qg6 32. Rd1 Rf8 33. Nf7+ Kh7 34. Rxd3 Rxf7 35. Rd1 1-0

[Event "ESP-chT CECLUB Div1"]
[Site "Linares"]
[Date "2020.10.07"]
[Round "5.4"]
[White "Gomez Dieguez, David"]
[Black "Abal Cores, Lucas"]
[Result "1-0"]
[WhiteElo "2261"]
[BlackElo "2315"]
[PlyCount "57"]
[EventDate "2020.10.03"]
[EventType "team-tourn"]
[EventRounds "7"]
[EventCountry "ESP"]
[SourceTitle "CBM 198 Extra"]
[Source "ChessBase"]
[SourceDate "2020.11.30"]
[SourceVersion "1"]
[SourceVersionDate "2020.11.30"]
[SourceQuality "1"]
[WhiteTeam "Ourense Deportivo"]
[BlackTeam "Sanxenxo Fontecarmoa"]
[WhiteTeamCountry "ESP"]
[BlackTeamCountry "ESP"]

1. e4 c5 2. Nc3 Nc6 3. Nge2 g6 4. d4 cxd4 5. Nxd4 Bg7 6. Be3 Nf6 7. Bc4 0-0 8. Bb3 Re8 9. f3 e6 10. f4 d6 11. Ndb5 Bf8 12. 0-0 a6 13. Nd4 d5 14. e5 Nd7 15. Qe1 Nxd4 16. Bxd4 b5 17. Qf2 Bb7 18. Rae1 Rc8 19. g4 Nc5 20. f5 Rc7 21. f6 Qc8 22. Qh4 b4 23. Rf3 Ne4 24. Nxe4 dxe4 25. Rh3 h5 26. gxh5 g5 27. Qxg5+ Kh7 28. Be3 Rc3 29. Rg3 1-0

[Event "ESP-chT CECLUB Div1"]
[Site "Linares"]
[Date "2020.10.06"]
[Round "4.4"]
[White "Abal Cores, Lucas"]
[Black "Suarez Garcia, Carlos"]
[Result "1-0"]
[WhiteElo "2315"]
[BlackElo "2439"]
[PlyCount "85"]
[EventDate "2020.10.03"]
[EventType "team-tourn"]
[EventRounds "7"]
[EventCountry "ESP"]
[SourceTitle "CBM 198 Extra"]
[Source "ChessBase"]
[SourceDate "2020.11.30"]
[SourceVersion "1"]
[SourceVersionDate "2020.11.30"]
[SourceQuality "1"]
[WhiteTeam "Sanxenxo Fontecarmoa"]
[BlackTeam "Sestao"]
[WhiteTeamCountry "ESP"]
[BlackTeamCountry "ESP"]

1. e4 d6 2. d4 Nf6 3. Nc3 g6 4. Be3 Bg7 5. Qd2 c6 6. Bh6 Bxh6 7. Qxh6 Qa5 8. Bd3 Nbd7 9. Nf3 c5 10. 0-0-0 cxd4 11. Nxd4 Ne5 12. Bb5+ Bd7 13. f4 Neg4 14. Qg7 Rf8 15. e5 dxe5 16. fxe5 Nxe5 17. Rhe1 Qc7 18. Nd5 Nd3+ 19. Rxd3 Nxd5 20. Re5 0-0-0 21. Rxd5 Bxb5 22. Rxb5 Qf4+ 23. Rd2 Qxh2 24. c3 h5 25. Re2 Qf4+ 26. Kc2 Rfe8 27. a4 Rd7 28. a5 a6 29. Rc5+ Rc7 30. Rxe7 Rexe7 31. Qf8+ Kd7 32. Rd5+ Qd6 33. Rxd6+ Kxd6 34. Qd8+ Ke5 35. Nf3+ Kf4 36. Qd6+ Kg4 37. Ne5+ Kf5 38. b4 Ke4 39. Nd3 g5 40. Qf6 Kd5 41. Qxg5+ Kd6 42. Nf4 Rcd7 43. Qc5# 1-0

[Event "ESP-ch rapid"]
[Site "Linares"]
[Date "2019.08.24"]
[Round "6"]
[White "Abal Cores, Lucas"]
[Black "Fernandez Garcia, Jose Miguel"]
[Result "1-0"]
[WhiteElo "2290"]
[BlackElo "2390"]
[PlyCount "77"]
[EventDate "2019.08.24"]
[EventType "swiss (rapid)"]
[EventRounds "9"]
[EventCountry "ESP"]
[SourceTitle "EXT 2020"]
[Source "ChessBase"]
[SourceDate "2019.10.17"]
[SourceVersion "1"]
[SourceVersionDate "2019.10.17"]
[SourceQuality "1"]

1. e4 c5 2. c3 b6 3. d4 Bb7 4. Bd3 Nf6 5. f3 Nc6 6. Ne2 cxd4 7. cxd4 Nb4 8. 0-0 Nxd3 9. Qxd3 e6 10. Nbc3 d5 11. e5 Ng8 12. f4 Nh6 13. h3 a6 14. g4 f5 15. exf6 Qxf6 16. g5 Qf5 17. Qe3 Nf7 18. Kg2 0-0-0 19. Ng3 Qg6 20. Re1 e5 21. fxe5 h6 22. Qf3 Nxg5 23. Qg4+ Qe6 24. Bxg5 Qxg4 25. hxg4 hxg5 26. Rh1 Bb4 27. Nh5 Kb8 28. Nxg7 Rhg8 29. Nf5 Rc8 30. Rac1 Rc4 31. a3 Bf8 32. Ne2 Bc8 33. Rxc4 dxc4 34. d5 Bb7 35. Nc3 b5 36. Rd1 b4 37. axb4 Bxb4 38. Ne4 Re8 39. e6 1-0

[Event "Alicante Universitario-ch"]
[Site "Alicante"]
[Date "2019.04.09"]
[Round "3.1"]
[White "Suarez Gomez, Julio"]
[Black "Abal Cores, Lucas"]
[Result "1-0"]
[WhiteElo "2449"]
[BlackElo "2304"]
[PlyCount "73"]
[EventDate "2019.04.09"]
[EventType "swiss"]
[EventRounds "9"]
[EventCountry "ESP"]
[SourceTitle "CBM 190 Extra"]
[Source "ChessBase"]
[SourceDate "2019.07.15"]
[SourceVersion "1"]
[SourceVersionDate "2019.07.15"]
[SourceQuality "1"]

1. d4 f5 2. Nc3 Nf6 3. Bg5 g6 4. h4 Bg7 5. Qd2 Nc6 6. e3 d5 7. Nge2 Be6 8. Nf4 Bf7 9. h5 Qd7 10. hxg6 hxg6 11. Rxh8+ Bxh8 12. Nd3 b6 13. f3 Nh7 14. Bf4 g5 15. Bh2 Nd8 16. 0-0-0 c6 17. Ne5 Bxe5 18. Bxe5 Be6 19. e4 Nf7 20. exd5 Bxd5 21. Bh2 Nf6 22. Bd3 Kf8 23. Be5 Kg7 24. Rg1 Rh8 25. Ne2 Be6 26. c4 b5 27. f4 g4 28. d5 cxd5 29. cxb5 Kg6 30. Bxf6 Kxf6 31. Nd4 Nd6 32. Kb1 Rc8 33. Qe1 Ne4 34. Rh1 Rg8 35. Rh7 g3 36. Qh1 Bf7 37. Qh4+ 1-0

[Event "ESP-chT CECLUB Div2"]
[Site "Linares"]
[Date "2017.08.08"]
[Round "1.6"]
[White "Garcia Cuenda, Luis"]
[Black "Abal Cores, Lucas"]
[Result "1/2-1/2"]
[WhiteElo "2071"]
[BlackElo "2285"]
[PlyCount "154"]
[EventDate "2017.08.08"]
[EventType "team"]
[EventRounds "7"]
[EventCountry "ESP"]
[SourceTitle "CBM 179 Extra"]
[Source "ChessBase"]
[SourceDate "2017.08.23"]
[SourceVersion "1"]
[SourceVersionDate "2017.08.23"]
[SourceQuality "1"]
[WhiteTeam "Albatros"]
[BlackTeam "Sanxenxo Fontecarmoa"]
[WhiteTeamCountry "ESP"]
[BlackTeamCountry "ESP"]

1. e4 c5 2. Nf3 Nc6 3. d4 cxd4 4. Nxd4 e5 5. Nb5 d6 6. N1c3 a6 7. Na3 b5 8. Nd5 Nce7 9. c4 Nxd5 10. Qxd5 Be6 11. Qd1 Nf6 12. Bd3 Be7 13. 0-0 0-0 14. Qe2 b4 15. Nc2 a5 16. Ne3 Rc8 17. b3 Nd7 18. Rd1 Nc5 19. Bc2 g6 20. Nd5 Bg5 21. Be3 Bxe3 22. fxe3 Kg7 23. Rd2 Rb8 24. Rf1 f6 25. Qe1 Rb7 26. Qh4 Rbf7 27. h3 h6 28. Qg3 Rd7 29. Kh2 Bg8 30. Qh4 Bh7 31. Rdf2 Rdf7 32. Qg4 h5 33. Qh4 Nd7 34. Rf3 Rh8 35. R3f2 Rff8 36. Rd2 Bg8 37. Rfd1 Nc5 38. Qf2 h4 39. Rf1 g5 40. Qf3 Rh6 41. Qd1 Be6 42. Rdf2 Rg6 43. Rf5 Bxf5 44. exf5 Rh6 45. Qd2 e4 46. Qd4 Qe8 47. Nc7 Qe5+ 48. Kg1 Rc8 49. Nb5 Rc6 50. Rd1 Rh8 51. Rf1 Re8 52. Rf2 Qxd4 53. Nxd4 Rb6 54. Rd2 Re5 55. Kf2 Kf7 56. Rd1 d5 57. cxd5 Rxd5 58. Ke2 Rbd6 59. Ke1 Re5 60. Ke2 Nd7 61. Ra1 Rc5 62. Bxe4 Ne5 63. Rh1 Rd7 64. Ra1 Kg8 65. a3 bxa3 66. Rxa3 g4 67. hxg4 Nxg4 68. Ra4 Re7 69. Ne6 Re5 70. Kf3 Nh6 71. Kf4 Rb5 72. Nd4 Rc5 73. Ra2 Rg7 74. Bf3 Rd7 75. Be4 Rg7 76. Bf3 Rd7 77. Be4 Rg7 1/2-1/2

[Event "Galego-ch"]
[Site "Padron"]
[Date "2016.03.22"]
[Round "4.1"]
[White "Pazos Porta, Antonio"]
[Black "Abal Cores, Lucas"]
[Result "0-1"]
[WhiteElo "2317"]
[BlackElo "2306"]
[PlyCount "98"]
[EventDate "2016.03.19"]
[EventType "swiss"]
[EventRounds "7"]
[EventCountry "ESP"]
[SourceTitle "EXT 2024"]
[Source "ChessBase"]
[SourceDate "2023.10.10"]
[SourceVersion "1"]
[SourceVersionDate "2023.10.10"]
[SourceQuality "1"]

1. d4 d5 2. Nf3 Nf6 3. g3 e6 4. Bg2 c5 5. 0-0 Nbd7 6. c4 dxc4 7. dxc5 Bxc5 8. Qa4 0-0 9. Qxc4 Qe7 10. Nc3 b6 11. Ng5 Rb8 12. Nge4 Bb7 13. Nxc5 Nxc5 14. Bxb7 Qxb7 15. b4 Nce4 16. Nxe4 Nxe4 17. Bb2 Rfd8 18. Rad1 b5 19. Qc1 f6 20. Qe3 e5 21. Rxd8+ Rxd8 22. f3 Nd2 23. Re1 Nc4 24. Qb3 Qd5 25. Bc1 e4 26. Kf2 h5 27. Be3 h4 28. g4 g5 29. Kg2 Kg7 30. Bf2 a6 31. Qc3 Ne5 32. a4 Rd7 33. axb5 axb5 34. Ra1 exf3+ 35. exf3 Nxg4 36. Ra6 Ne5 37. h3 Qd1 38. Qe3 Ng6 39. Ra7 Nf4+ 40. Kh2 Rxa7 41. Qxa7+ Kg6 42. Qa8 Qd5 43. Qe8+ Kg7 44. Qe7+ Qf7 45. Qc5 Qd7 46. Qa7 Qxa7 47. Bxa7 Nd3 48. Bc5 Nxc5 49. bxc5 Kf7 0-1

[Event "Galego-ch"]
[Site "Padron"]
[Date "2016.03.20"]
[Round "2.5"]
[White "Bouza Brey Teijeiro, Gonzalo"]
[Black "Abal Cores, Lucas"]
[Result "0-1"]
[WhiteElo "2000"]
[BlackElo "2306"]
[PlyCount "72"]
[EventDate "2016.03.19"]
[EventType "swiss"]
[EventRounds "7"]
[EventCountry "ESP"]
[SourceTitle "EXT 2024"]
[Source "ChessBase"]
[SourceDate "2023.10.10"]
[SourceVersion "1"]
[SourceVersionDate "2023.10.10"]
[SourceQuality "1"]

1. e4 c5 2. Nf3 Nc6 3. d4 cxd4 4. Nxd4 e5 5. Nb5 d6 6. N1c3 a6 7. Na3 Be7 8. Nc4 Be6 9. Ne3 Nf6 10. Bd3 0-0 11. 0-0 Ne8 12. Nf5 Bxf5 13. exf5 d5 14. Re1 Bf6 15. Bf1 Nc7 16. g3 Qd7 17. Bg2 Rad8 18. g4 h6 19. f4 e4 20. Kh1 Qe7 21. Rg1 Bd4 22. Rf1 e3 23. Qf3 Rfe8 24. Ne2 Bf6 25. c3 d4 26. cxd4 Nb5 27. g5 hxg5 28. fxg5 Bxg5 29. f6 Bxf6 30. Qg3 Nbxd4 31. Nxd4 Nxd4 32. Rxf6 Qxf6 33. Bxe3 Nc2 34. Bg5 Nxa1 35. Bxf6 Rd1+ 36. Bf1 Rxf1+ 0-1

[Event "Galego-ch"]
[Site "Padron"]
[Date "2016.03.19"]
[Round "1.5"]
[White "Abal Cores, Lucas"]
[Black "Meira Iglesias, Alejandro"]
[Result "1-0"]
[WhiteElo "2306"]
[BlackElo "1772"]
[PlyCount "63"]
[EventDate "2016.03.19"]
[EventType "swiss"]
[EventRounds "7"]
[EventCountry "ESP"]
[SourceTitle "EXT 2024"]
[Source "ChessBase"]
[SourceDate "2023.10.10"]
[SourceVersion "1"]
[SourceVersionDate "2023.10.10"]
[SourceQuality "1"]

1. e4 g6 2. d4 Bg7 3. Nf3 c5 4. c3 cxd4 5. cxd4 d5 6. exd5 Nf6 7. Nc3 0-0 8. Bc4 Nbd7 9. 0-0 Nb6 10. Bb3 Nbxd5 11. Bg5 Nxc3 12. bxc3 Ne4 13. Qc1 Nxg5 14. Qxg5 Bf5 15. Rfe1 Bf6 16. Qe3 Kg7 17. h3 h5 18. Rad1 Qc7 19. c4 Rfd8 20. d5 Rac8 21. Qxa7 e6 22. Nd4 Ra8 23. Nb5 Qd7 24. Qb6 Ra6 25. Qc7 exd5 26. Rxd5 Re6 27. Red1 Qxc7 28. Nxc7 Rxd5 29. Nxe6+ fxe6 30. cxd5 exd5 31. Rxd5 b6 32. Rd6 1-0

[Event "ESP-ch U18"]
[Site "Salobrena"]
[Date "2015.07.30"]
[Round "6"]
[White "Abal Cores, Lucas"]
[Black "Marquez Marvizon, Alejandra"]
[Result "1-0"]
[WhiteElo "2373"]
[BlackElo "1968"]
[PlyCount "87"]
[EventDate "2015.07.27"]
[EventType "swiss"]
[EventRounds "9"]
[EventCountry "ESP"]
[SourceTitle "EXT 2016"]
[Source "ChessBase"]
[SourceDate "2015.10.08"]
[SourceVersion "1"]
[SourceVersionDate "2015.10.08"]
[SourceQuality "1"]

1. e4 e6 2. d4 d5 3. Nd2 dxe4 4. Nxe4 Nd7 5. Nf3 Ngf6 6. Nxf6+ Nxf6 7. Ne5 c5 8. Bb5+ Bd7 9. Nxd7 Nxd7 10. 0-0 a6 11. Be2 Qc7 12. d5 e5 13. c4 Bd6 14. Qc2 0-0 15. Bd3 h6 16. Re1 Rab8 17. Re3 Rfe8 18. Be4 b5 19. Rg3 Kh8 20. Qe2 Nf6 21. Qf3 Nxe4 22. Qxe4 Qd7 23. Rf3 bxc4 24. g4 Rb4 25. Rc3 f5 26. Qxf5 Qxf5 27. gxf5 Rf8 28. a3 Rb3 29. Rxc4 Rxf5 30. Rc3 Rxc3 31. bxc3 Rf3 32. Be3 Rf6 33. c4 Rg6+ 34. Kf1 Rg4 35. Rc1 Rh4 36. Kg2 g5 37. Rb1 Rxc4 38. Rb6 Bf8 39. Rxa6 Rc3 40. d6 Kg8 41. Ra8 Rd3 42. Bxc5 Kf7 43. a4 Bxd6 44. Rd8 1-0

[Event "ESP-ch U18"]
[Site "Salobrena"]
[Date "2015.07.27"]
[Round "1"]
[White "Santos Martinez, Guillermo"]
[Black "Abal Cores, Lucas"]
[Result "0-1"]
[WhiteElo "1940"]
[BlackElo "2373"]
[PlyCount "80"]
[EventDate "2015.07.27"]
[EventType "swiss"]
[EventRounds "9"]
[EventCountry "ESP"]
[SourceTitle "EXT 2016"]
[Source "ChessBase"]
[SourceDate "2015.10.08"]
[SourceVersion "1"]
[SourceVersionDate "2015.10.08"]
[SourceQuality "1"]

1. d4 Nf6 2. c4 e6 3. Nc3 Bb4 4. Qc2 0-0 5. a3 Bxc3+ 6. Qxc3 d5 7. Bg5 h6 8. Bxf6 Qxf6 9. e3 c5 10. Nf3 cxd4 11. Qxd4 Qe7 12. cxd5 Rd8 13. Qc3 exd5 14. Be2 Bg4 15. Nd4 Bxe2 16. Kxe2 Na6 17. Rac1 Qd7 18. Rhd1 Qg4+ 19. Nf3 Rd6 20. Rd4 Qd7 21. Qd3 Rd8 22. Rf4 Re8 23. Nd4 g6 24. b4 Nb8 25. Qb5 Nc6 26. Qc5 g5 27. Rf3 Ne5 28. Rh3 Nc4 29. Qb5 Qg4+ 30. Kf1 Rc8 31. Re1 Qe4 32. Qxb7 Re8 33. Qxa7 Rf6 34. Kg1 Re7 35. Qb8+ Kg7 36. Rf3 Qxd4 37. Qd8 Qd2 38. Rf1 Rxf3 39. gxf3 Rxe3 40. b5 Rxa3 0-1

[Event "Sanxenxo Carlos op 7th"]
[Site "Sanxenxo"]
[Date "2015.06.25"]
[Round "6"]
[White "Abal Cores, Lucas"]
[Black "Dominguez Fernandez, Angel I"]
[Result "1-0"]
[WhiteElo "2373"]
[BlackElo "1968"]
[PlyCount "165"]
[EventDate "2015.06.20"]
[EventType "swiss"]
[EventRounds "9"]
[EventCountry "ESP"]
[SourceTitle "CBM 167 Extra"]
[Source "ChessBase"]
[SourceDate "2015.09.14"]
[SourceVersion "1"]
[SourceVersionDate "2015.09.14"]
[SourceQuality "1"]

1. e4 e6 2. d4 d5 3. Nd2 a6 4. Bd3 c5 5. c3 Nc6 6. Ne2 cxd4 7. cxd4 dxe4 8. Nxe4 Nf6 9. 0-0 Be7 10. b3 0-0 11. Bb2 Nb4 12. Nxf6+ Bxf6 13. Be4 Nd5 14. Qd3 h6 15. Rac1 Bd7 16. Rfd1 Bc6 17. g3 Nb4 18. Qb1 Bxe4 19. Qxe4 Nd5 20. Rc4 Qd7 21. Rdc1 Rac8 22. Ba3 Rfd8 23. R1c2 Bg5 24. h4 Be7 25. Bxe7 Nxe7 26. g4 Rxc4 27. Rxc4 Qd5 28. f3 Nc6 29. Kf2 Qd6 30. Kg2 Qa3 31. Qc2 Qd6 32. Qc3 e5 33. dxe5 Qxe5 34. Qxe5 Nxe5 35. Re4 Nc6 36. Nc3 Kf8 37. Kg3 b5 38. Re3 g6 39. Ne4 Nb4 40. Re2 Rc8 41. Kf4 Rd8 42. Kg3 Rc8 43. Kf4 Rd8 44. g5 hxg5+ 45. hxg5 Nd5+ 46. Kg3 Nb4 47. a3 Nc6 48. Nc5 Nd4 49. Re5 Nf5+ 50. Kf2 Rd2+ 51. Ke1 Rd6 52. Ke2 Nd4+ 53. Kf2 Nf5 54. Ke1 Nd4 55. Kf2 Nf5 56. b4 Rd2+ 57. Re2 Rd6 58. Ra2 Ne7 59. Ne4 Rd4 60. Ke2 Ke8 61. Rc2 Kd8 62. Nc5 Rd5 63. f4 Nc6 64. Ke3 Nb8 65. Ke4 Rd1 66. Nb7+ Kd7 67. Ke5 Rf1 68. Rd2+ Ke7 69. Nc5 Re1+ 70. Kd5 Ra1 71. Rd3 Rf1 72. Re3+ Kd8 73. Nd3 Rd1 74. Kd6 Rd2 75. Rh3 Kc8 76. Ke7 Nc6+ 77. Kxf7 Ra2 78. Ne5 Nd4 79. Nxg6 Rf2 80. Rd3 Nf3 81. Rd5 Ra2 82. Ne7+ Kc7 83. g6 1-0